Click the Beasts of Greek Mythology Quiz Stats

 Plays Quiz Updated Jun 14, 2016

Support Sporcle.
Go Orange.
Score 0/18 Timer 03:00
5 Plays Today
% Correct
Cyclops
91.2%
Pegasus
90.5%
Phoenix
90.4%
Calydonian Boar
89.5%
Centaur
86.2%
Minotaur
83%
Sphinx
80%
Cerberus
79.6%
Harpy
79.3%
% Correct
Hydra
76.7%
Gryphon
76.2%
Satyr
74.3%
Gorgon
72.7%
Hippocampus
69.5%
Ceryneian Hind
69.1%
Chimera
68.5%
Charybdis
67.3%
Graeae
61.3%

You're not logged in!

Compare scores with friends on all Sporcle quizzes.
OR
Log In

From the Vault

2017 NCAA Tournament Mascot Match

by Dano

Generally speaking, sports mascots are pretty creepy.
Remove Ads.
Support Sporcle.
Get the best of Sporcle when you Go Orange. This ad-free experience offers more features, more stats, and more fun while also helping to support Sporcle. Thank you for becoming a member.

Show Comments

Extras

Top Quizzes Today


Score Distribution

Your Account Isn't Verified!

In order to create a playlist on Sporcle, you need to verify the email address you used during registration. Go to your Sporcle Settings to finish the process.

Report this User

Report this user for behavior that violates our Community Guidelines.

Details: